| 000 | 00519 a2200181 4500 | ||
|---|---|---|---|
| 003 | OSt | ||
| 005 | 20240207124041.0 | ||
| 008 | 240207b |||||||| |||| 00| 0 eng d | ||
| 020 | _a9788188023122 | ||
| 040 | _coclc | ||
| 082 |
_a894.8129 _bJAY/M |
||
| 100 |
_aJayan, Manoj K. _910409 |
||
| 245 |
_aMatha Pitha Guru Daivam / _c Manoj K. Jayan |
||
| 250 | _a1st ed. | ||
| 260 |
_aKozhikode: _bLIPI Publications, _c2018. |
||
| 300 | _a144p. | ||
| 942 |
_2ddc _cBK _h894.8129 _iJAY/M _k894.8129 _mJAY/M |
||
| 999 |
_c44351 _d44351 |
||